|
|
|
|
| LEADER |
00000nab a2200000 a 4500 |
| 001 |
vtls010732399 |
| 003 |
SK-MaSNL |
| 005 |
20260304194033.0 |
| 008 |
250709s1996 xo |||||||||||||||||slo| |
| 035 |
|
|
|a (urnnbn)urn:nbn:sk:snk:ar-a05bqo
|
| 035 |
|
|
|a (uuid)e28bdc34-1457-49eb-b6f2-6e00aa16adfd
|
| 035 |
|
|
|a urn:nbn:sk:snk-ab3uq5
|
| 040 |
|
|
|a SNKBUCL
|b slo
|c SNKBUCL
|e AACR2
|
| 041 |
0 |
|
|a slo
|
| 044 |
|
|
|a xo
|c SK
|
| 100 |
1 |
|
|a MD
|4 aut
|9 842335
|
| 245 |
1 |
0 |
|a CeBIT '96
|c Md, Po
|
| 700 |
1 |
|
|a po
|4 aut
|9 919845
|
| 773 |
0 |
|
|t PC revue : sprievodca digitálnym svetom
|g Roč. 4, č. 5 (1996), s. 14-17
|
| 850 |
|
|
|a Slovenská národná knižnica
|
| 852 |
|
|
|a Slovenská národná knižnica
|
| 954 |
|
|
|a odborná, vedecká literatúra pôvodná (slovenská)
|2 lita
|
| 958 |
|
|
|a article1
|
| 958 |
|
|
|a OND
|
| 958 |
|
|
|a EUIPO
|
| 999 |
|
|
|c 3071513
|d 3073443
|